000 00554nam a22001937a 4500
005 20230622113358.0
008 230622b ||||| |||| 00| 0 eng d
020 _a8173713677
040 _cAL
041 _aEnglish
082 _223
_a530.0904
_bKRAQ
100 _aHelge Kragh
_9124564
245 _aQuantum Generations : A History of Physics in the Twentieth Century
260 _aNew Delhi
_bUniversities Press
_c2001
300 _axiv,494 p.
_bPB
_c21.5x14 cm.
650 _aPhysics
_9124565
700 _aKRAGH (Helge)
_9124566
942 _2ddc
_cDB
999 _c227612
_d227612